Matemática. Octavo Básico

I tiakina i:
Ngā taipitopito rārangi puna kōrero
Ngā kaituhi matua: Bujanda, María Paz (Author), Mansilla, Serafìn (Author), Vizmanos, José Ramón (Author), Anzola, Máximo (Author)
Hōputu: Pukapuka
Reo:Pāniora
I whakaputaina: Santiago Ediciones SM Chile 2000
Ngā marau:
Ngā Tūtohu: Tāpirihia he Tūtohu
Kāore He Tūtohu, Me noho koe te mea tuatahi ki te tūtohu i tēnei pūkete!

MARC

LEADER 00000nam a2200000 a 4500
001 UCH4070
003 CL-VaPUC
008 090818e20000000CL |||||||||||||||||spa|d
020 |a 9562641554 
082 0 4 |a 372.7  |b BRU  |2 21 
100 0 |a Bujanda, María Paz  |e author  |9 539527 
700 0 |a Mansilla, Serafìn  |e author  |9 539528 
700 0 |a Vizmanos, José Ramón  |e author  |9 539529 
700 0 |a Anzola, Máximo  |e author  |9 539530 
245 1 0 |a Matemática. Octavo Básico 
300 |a 255 p 
942 |c BK 
945 |d 20090818 00:00:00  |a ccalabra 
260 |a Santiago  |b Ediciones SM Chile  |c 2000 
500 |a Material de Matemáticas para el octavo año de Enseñanza Básica, según los objetivos fundamentales y contenidos mínimos obliglatorios del Decreto 40-96 
650 0 |a Educación  |9 258661 
650 0 |a Educación básica   |9 224933 
650 0 |a Ecuaciones  |9 260137 
650 0 |a Geometría   |9 264063 
650 0 |a Estadística   |9 259535 
650 0 |a Probabilidad  |9 349606 
650 0 |a Ejercicios   |9 269807 
583 |a last modification  |c 20090818 00:00:00  |k Rodrigo Vera 
999 |c 335423  |d 335421